[Event "Schleswig Holstein-ch U16 VM-B"]
[Site "Neumuenster"]
[Date "2005.03.23"]
[Round "7"]
[White "Helfrich, Lutz"]
[Black "Rohde, Bjarne"]
[Result "1/2-1/2"]
[WhiteElo "1454"]
[BlackElo "1146"]
[PlyCount "59"]
[EventDate "2005.03.19"]
[EventType "swiss"]
[EventRounds "9"]
[EventCountry "GER"]
[SourceTitle "EXT 2007"]
[Source "ChessBase"]
[SourceDate "2006.11.23"]
[SourceVersion "1"]
[SourceVersionDate "2006.11.23"]
[SourceQuality "1"]

1. c4 e5 2. Nc3 Nc6 3. Nf3 Nf6 4. g3 Bc5 5. Bg2 d6 6. 0-0 0-0 7. d3 Be6 8. a3 a5 9. Bg5 h6 10. Bd2 Qd7 11. Rb1 Ne7 12. b4 axb4 13. axb4 Bb6 14. b5 Ba5 15. Qc1 c6 16. Be3 c5 17. Ra1 b6 18. Nd2 Ra7 19. Nce4 Nxe4 20. Bxe4 f5 21. Bg2 f4 22. Nb3 fxe3 23. Qxe3 Bc3 24. Rxa7 Qxa7 25. Rc1 Bb2 26. Rc2 Qa3 27. Qd2 Bd4 28. Nxd4 cxd4 29. Ra2 Qc5 30. Ra7 1/2-1/2

[Event "Schleswig Holstein-ch U16 VM-B"]
[Site "Neumuenster"]
[Date "2005.03.21"]
[Round "5"]
[White "Soberski, Luca"]
[Black "Rohde, Bjarne"]
[Result "0-1"]
[WhiteElo "1253"]
[BlackElo "1146"]
[PlyCount "110"]
[EventDate "2005.03.19"]
[EventType "swiss"]
[EventRounds "9"]
[EventCountry "GER"]
[SourceTitle "EXT 2007"]
[Source "ChessBase"]
[SourceDate "2006.11.23"]
[SourceVersion "1"]
[SourceVersionDate "2006.11.23"]
[SourceQuality "1"]

1. d4 d5 2. Nf3 Nf6 3. e3 Bg4 4. Be2 Nc6 5. Nbd2 e6 6. 0-0 Bd6 7. Re1 0-0 8. c4 Re8 9. c5 Be7 10. Qb3 Na5 11. Qa4 b6 12. b4 Nb7 13. Qc6 Rb8 14. Bb2 bxc5 15. dxc5 Nxc5 16. Bxf6 Bxf6 17. Qxc5 Bxa1 18. Rxa1 Qf6 19. Rb1 Bf5 20. Rc1 Qb2 21. Qxc7 Rxb4 22. Qc6 Rbb8 23. Bf1 Qxa2 24. Qc7 Rf8 25. Ne5 Rbd8 26. Nxf7 Rc8 27. Nh6+ gxh6 28. Qxc8 Rxc8 29. Rxc8+ Kf7 30. Nf3 Qa1 31. Rc7+ Kf6 32. Rb7 Bd3 33. Nd2 Qc1 34. Rxa7 Qxd2 35. Ra1 Bxf1 36. Rxf1 e5 37. h3 d4 38. exd4 exd4 39. Rb1 Qa5 40. Rc1 d3 41. Kf1 d2 42. Rd1 Qc3 43. Ke2 Ke5 44. Rxd2 Qc4+ 45. Ke1 Ke4 46. Re2+ Kf4 47. g3+ Kf3 48. Re3+ Kg2 49. g4 Qf1+ 50. Kd2 Qxf2+ 51. Re2 Qxe2+ 52. Kxe2 Kxh3 53. Kf3 Kh4 54. Kf4 h5 55. gxh5 h6 0-1

[Event "Schleswig Holstein-ch U16 VM-B"]
[Site "Neumuenster"]
[Date "2005.03.20"]
[Round "3"]
[White "Steffen, Daniel"]
[Black "Rohde, Bjarne"]
[Result "1/2-1/2"]
[WhiteElo "1350"]
[BlackElo "1146"]
[PlyCount "43"]
[EventDate "2005.03.19"]
[EventType "swiss"]
[EventRounds "9"]
[EventCountry "GER"]
[SourceTitle "EXT 2007"]
[Source "ChessBase"]
[SourceDate "2006.11.23"]
[SourceVersion "1"]
[SourceVersionDate "2006.11.23"]
[SourceQuality "1"]

1. e4 e5 2. Nf3 Nc6 3. Bc4 Bc5 4. d3 Nf6 5. Bg5 d6 6. h3 h6 7. Bh4 Be6 8. Bb3 0-0 9. Nc3 Na5 10. Nd5 Bxd5 11. Bxd5 c6 12. Bb3 Nxb3 13. axb3 a5 14. 0-0 Re8 15. Re1 b5 16. c4 Qb6 17. Re2 Nd7 18. Bg3 Re6 19. Qd2 bxc4 20. bxc4 Bb4 21. Qc2 Qa7 22. Qa4 1/2-1/2